古塔在哪个省份?(Click, One to One) - Statistics

General Stats
  • This quiz has been taken 46 times
  • The average score is 12 of 31
Answer Stats
Hint Answer % Correct
唐代 慈恩寺塔(大雁塔) 陕西
95%
南诏 崇圣寺千寻塔 云南
79%
北魏 嵩岳寺塔 河南
79%
辽代 佛宫寺释迦塔(*木塔,*为县名) 山西
68%
五代-北宋 云岩寺塔(虎丘塔) 江苏
66%
元代 妙应寺白塔 北京
58%
明代 归龙塔(左江斜塔) 广西
50%
南宋 开元寺双塔(东塔&西塔) 福建
50%
元代 美榔双塔(姐妹塔) 海南
45%
北宋&清代 六和塔 浙江
42%
辽代 观音寺白塔(独乐寺塔) 天津
42%
北宋 开元寺塔(料敌塔) 河北
42%
唐代&辽代 *北塔(*为北方地级市) 辽宁
37%
清代 苏公塔(额敏塔) 新疆
34%
北宋 广教寺双塔(敬亭双塔) 安徽
34%
十国&民国 龙华寺报恩塔(龙华塔) 上海
32%
隋代 神通寺四门塔 山东
26%
辽代 万部华严经塔(白塔) 内蒙古
26%
渤海 灵光塔 吉林
26%
清代 卜奎清真寺砖塔 黑龙江
26%
唐代 怀圣寺光塔 广东
24%
明代 贝根曲登塔(白居塔) 西藏
24%
清代 绳金塔 江西
24%
清代 海宝塔(北塔) 宁夏
18%
清代 白马塔 甘肃
18%
吐蕃分裂时期 藏娘佛塔 青海
18%
清代 宝光寺舍利塔 四川
18%
明代 *北塔(*为南方地级市) 湖南
18%
清代 塔子山文峰塔 重庆
16%
北宋 玉泉寺佛牙舍利塔(玉泉铁塔/千佛塔) 湖北
16%
明代 *文峰塔(*为自治州府城市) 贵州
13%
No matching quizzes found
Score Distribution
Percent of People with Each Score
Percentile by Number Answered
Your Score History
You have not taken this quiz